Slovenský poprivatizačný fond sa rozbieha
Slovenský poprivatizačný fond je zdroj rizikového revitalizačného kapitálu na investovanie prevažne do spracovateľského priemyslu SR. Charakteristika rizikového a revitalizačného kapitálu, investorov a fondu. Mechanizmus, stratégia a investičná politika fondu. Kapitalizácia investičných vkladov a de...
Salvato in:
| Autore principale: | |
|---|---|
| Altri autori: | |
| Natura: | Capitolo di libro |
| Lingua: | slovacco |
| Soggetti: | |
| Tags: |
Nessun Tag, puoi essere il primo ad aggiungerne!!
|
MARC
| LEADER | 00000naa a2200000 4500 | ||
|---|---|---|---|
| 001 | r020997 | ||
| 005 | 20230921074153.7 | ||
| 041 | 0 | |a slo | |
| 044 | |a SK | ||
| 245 | 1 | 0 | |a Slovenský poprivatizačný fond sa rozbieha |c J. Petráš, A. Melicher |
| 520 | |a Slovenský poprivatizačný fond je zdroj rizikového revitalizačného kapitálu na investovanie prevažne do spracovateľského priemyslu SR. Charakteristika rizikového a revitalizačného kapitálu, investorov a fondu. Mechanizmus, stratégia a investičná politika fondu. Kapitalizácia investičných vkladov a delenie výnosov fondu. Podnikateľské prostredie v SR. Očakávané výsledky SPPF. Národohospodárske efekty. | ||
| 610 | 2 | 0 | |a Slovensko |
| 610 | 2 | 0 | |a Slovenský poprivatizačný fond |
| 610 | 2 | 0 | |a kapitál rizikový |
| 610 | 2 | 0 | |a privatizácia |
| 610 | 2 | 0 | |a oživenie |
| 610 | 2 | 0 | |a priemysel spracovateľský |
| 610 | 2 | 0 | |a podnikanie |
| 610 | 2 | 0 | |a prostredie podnikateľské |
| 610 | 2 | 0 | |a makroekonomika |
| 610 | 2 | 0 | |a Európska banka pre obnovu a rozvoj |
| 610 | 2 | 0 | |a PHARE |
| 610 | 2 | 0 | |a 1993-2000 |
| 100 | 1 | |a Petráš, J. | |
| 700 | 1 | |a Melicher, A. | |